| 000 | 00000nas 2200000za 4500 |
| 001 | 9.502138 |
| 003 | CaOODSP |
| 005 | 20230905154714 |
| 007 | cr ||||||||||| |
| 008 | 150406d20042008xxc|| p o||||f| |0fre|d |
| 022 | |a1921-3654 |
| 040 | |aCaOODSP|bfre |
| 043 | |an-cn--- |
| 086 | 1 |aH1-9/21F-PDF |
| 245 | 00|aComité d'éthique de la recherche à Santé Canada, rapport annuel. |
| 264 | 1|aOttawa, Ontario : |bSanté Canada |
| 310 | |aAnnuel |
| 362 | 1 |aParaît depuis 2004; ne paraît plus après 2007-2008. |
| 500 | |aLes rapports ultérieurs sont disponible sous le n° de catalogue H22-1/1F-PDF. |
| 691 | 07|aBioéthique|2gcpds |
| 691 | 07|aRecherche médicale|2gcpds |
| 710 | 1 |aCanada.|bSanté Canada. |bDirection générale de la politique de la santé, |eorganisme de publication. |
| 775 | 08|tHealth Canada's Research Ethics Board, annual report |w(CaOODSP)9.505733 |
| 780 | 00|tRapport ... du Comité d'éthique de la recherche de Santé Canada.|w(CaOODSP)9.502613 |
| 785 | 00|tComité d'éthique de la recherche de Santé Canada, rapport annuel.|w(CaOODSP)9.502492 |